Életet lehelnek az ifjúsági házba Boros Gyula vezeti januártól az intézményt /
Elmentve itt :
| Szerző: | |
|---|---|
| Dokumentumtípus: | Cikk |
| Megjelent: |
2004-12-09
|
| Sorozat: | Délmagyarország
94 No. 287 |
| Kulcsszavak: | Boros Gyula, Szeged, Ifjúsági Ház (Szeged) |
| Online Access: | http://dmarchiv.bibl.u-szeged.hu/134032 |
| LEADER | 00542nab a2200157 i 4500 | ||
|---|---|---|---|
| 001 | delm134032 | ||
| 005 | 20191121143914.0 | ||
| 008 | 191121s2004 hu o 0|| hun d | ||
| 040 | |a SZTE Délmagyarország Archívum |b hun | ||
| 041 | |a hun | ||
| 100 | 2 | |a Arany T. János | |
| 245 | 1 | 0 | |a Életet lehelnek az ifjúsági házba |h [elektronikus dokumentum] : |b Boros Gyula vezeti januártól az intézményt / |c Arany T. János |
| 260 | |c 2004-12-09 | ||
| 300 | |a 6 | ||
| 490 | 0 | |a Délmagyarország |v 94 No. 287 | |
| 695 | |a Boros Gyula, Szeged, Ifjúsági Ház (Szeged) | ||